Loading...
| MB | 0 | 7 | 2 | 3 | 60 | 87 | 128.71 | 2 | 7 | 0.00 | 0.00 |
| BB | 1 | 3 | 1 | 1 | 40 | 68 | 109.25 | 3 | 4 | 0.00 | 0.00 |
| AG | 1 | 1 | 0 | 0 | 25 | 70 | 100.50 | 0 | 2 | 0.00 | 0.00 |
| RR | 0 | 2 | 0 | 0 | 20 | 97 | 106.50 | 2 | 2 | 0.00 | 0.00 |
| RC> | 0 | 1 | 0 | 0 | 10 | 130 | 130.00 | 1 | 1 | 0.00 | 0.00 |
| DM | 0 | 1 | 0 | 0 | 10 | 111 | 111.00 | 0 | 1 | 0.00 | 0.00 |
| AR | 0 | 1 | 0 | 0 | 10 | 120 | 120.00 | 0 | 1 | 0.00 | 0.00 |
| AWD | 0 | 1 | 0 | 0 | 10 | 83 | 83.00 | 1 | 1 | 0.00 | 0.00 |
| RC | 0 | 1 | 0 | 0 | 10 | 119 | 119.00 | 0 | 1 | 0.00 | 0.00 |
| TR | 0 | 1 | 1 | 0 | 5 | 90 | 90.00 | 0 | 1 | 0.00 | 0.00 |
| AK | 0 | 0 | 1 | 0 | -5 | 0.00 | 0 | 0 | 0.00 | 0.00 |